Welcome to CU Library Online Public Access Catalogue (OPAC)

Cardiac rhythm disorders : (Record no. 8561)

MARC details
000 -LEADER
fixed length control field 00865pam a2200265 a 4500
001 - CONTROL NUMBER
control field 2016800
005 - DATE AND TIME OF LATEST TRANSACTION
control field 20251211150918.0
008 - FIXED-LENGTH DATA ELEMENTS--GENERAL INFORMATION
fixed length control field 911220s1992 moua b 001 0 eng c
020 ## - INTERNATIONAL STANDARD BOOK NUMBER
International Standard Book Number 0801665760 :
Terms of availability $29.00
020 ## - INTERNATIONAL STANDARD BOOK NUMBER
International Standard Book Number 9780801665769
050 00 - LIBRARY OF CONGRESS CALL NUMBER
Classification number RC685.A65
Item number L59 1992
082 00 - DEWEY DECIMAL CLASSIFICATION NUMBER
Classification number 616.1/28/0024613
Edition information 20
100 1# - MAIN ENTRY--PERSONAL NAME
Personal name Lounsbury, Patricia S. Frye.
245 10 - TITLE STATEMENT
Title Cardiac rhythm disorders :
Remainder of title a nursing process approach /
Statement of responsibility, etc. Patricia Lounsbury, Susan J. Frye.
250 ## - EDITION STATEMENT
Edition statement 2nd ed.
260 ## - PUBLICATION, DISTRIBUTION, ETC.
Place of publication, distribution, etc. St. Louis :
Name of publisher, distributor, etc. Mosby Year Book,
Date of publication, distribution, etc. c1992.
300 ## - PHYSICAL DESCRIPTION
Extent xvii, 393 p. :
Other physical details ill. ;
Dimensions 28 cm.
500 ## - GENERAL NOTE
General note Frye's name appears first on the earlier edition.
650 #0 - SUBJECT ADDED ENTRY--TOPICAL TERM
Topical term or geographic name entry element Arrhythmia
General subdivision Nursing.
650 #0 - SUBJECT ADDED ENTRY--TOPICAL TERM
Topical term or geographic name entry element Electrocardiography.
650 #2 - SUBJECT ADDED ENTRY--TOPICAL TERM
Topical term or geographic name entry element Arrhythmia
General subdivision nursing.
650 #2 - SUBJECT ADDED ENTRY--TOPICAL TERM
Topical term or geographic name entry element Electrocardiography
General subdivision nursing.
700 1# - ADDED ENTRY--PERSONAL NAME
Personal name Frye, Susan J.
942 ## - ADDED ENTRY ELEMENTS (KOHA)
Source of classification or shelving scheme Library of Congress Classification
Koha item type Books
Edition 2nd ed.
Suppress in OPAC No
999 ## -
-- 8561
-- 8561
Holdings
Withdrawn status Lost status Source of classification or shelving scheme Damaged status Not for loan Collection Home library Current library Shelving location Date acquired Total checkouts Full call number Barcode Date last seen Copy number Price effective from Koha item type
    Library of Congress Classification     Non-fiction Science Library (Miotso) Science Library (Miotso) Reference 12/11/2025   RC685.A65 L59 LOU SLM00006623 12/11/2025 1 12/11/2025 Books
© 2023-2024 Copyright: Central University Libraries. All Rights Reserved | Created by: Mahone Tech Office